| 000 | 01402nam a22002537a 4500 | ||
|---|---|---|---|
| 003 | OSt | ||
| 005 | 20210325142415.0 | ||
| 008 | 210325s2011 ck ao||gr|||| 00| 0 spa d | ||
| 020 | _a9789586294386 | ||
| 040 |
_aCO-JMCR _cCO-JMCR |
||
| 041 | 0 |
_aspa _achi |
|
| 082 | 0 | 4 |
_a918.61 / _bG283c _221 |
| 100 | 1 |
_aGaviría Ángel, Gustavo, _eeditor _936548 |
|
| 245 | 1 | 0 |
_aColombia Expo 2010 Shanghái / _ccomité editorial, Gustavo Gaviria Ángel, Laura Gaviria Halaby, Paula Douat Corredor |
| 260 |
_aBogotá : _bLa Imprenta Editores, _c2010 |
||
| 300 |
_a113 páginas : _bilustraciones y fotografías a color ; _c24 x 33 cm. + _e1 CD |
||
| 505 | 0 | _aExposiciones universales -- Shanghái, la ciudad y la exposición -- La ruta de Colombia a Expo Shanghái -- El equipo que dio vida a un pabellón -- Los aliados del éxito -- El corazón de Colombia en Asia -- Los desafíos y enseñanzas de expo Shanghái 2010 -- Galería -- Logos aliados -- Colaboradores | |
| 520 | 3 | _a"En los próximos tres años Colombia será la puerta de entrada de China a Latinoamérica" Gao Zhengyue, Embajador de China en Colombia | |
| 650 | 1 | 4 |
_aExposiciones _vCatálogos _xIndustrias _y2010 _zColombia _936549 |
| 651 | 4 |
_aColombia _vExposiciones _vCatálogos _xVida social y costumbres _y2010 _936550 |
|
| 700 | 1 |
_aGaviria Halaby, Laura, _eeditora _936551 |
|
| 700 | 1 |
_aDouat Corredor, Paula, _eeditora _936552 |
|
| 942 |
_2ddc _cBK |
||
| 999 |
_c15499 _d15499 |
||